All game of thrones books - Statistics

General Stats
  • This quiz has been taken 7 times
  • The average score is 4 of 7
Answer Stats
Hint Answer % Correct
1 A Game Of Thrones
100%
5 A Dance With Dragons
67%
3 A Storm Of Swords
67%
2 A Clash Of Kings
50%
4 A Feast For Crows
50%
7 Fire And Blood
50%
6 A Knight Of The Seven Kingdoms
33%
No matching quizzes found
Score Distribution
Percent of People with Each Score
Percentile by Number Answered
Your Score History
You have not taken this quiz